All of ssaws : (Record no. 87975)
[ view plain ]
| 000 -CABECERA | |
|---|---|
| campo de control de longitud fija | 00816nam a2200217 a 4500 |
| 005 - FECHA Y HORA DE LA ÚLTIMA TRANSACCIÓN | |
| campo de control | 20220905122852.0 |
| 008 - ELEMENTOS DE LONGITUD FIJA--INFORMACIÓN GENERAL | |
| campo de control de longitud fija | 011122s1994 ea r 000 0 eng d |
| 035 ## - NÚMERO DE CONTROL DEL SISTEMA | |
| Número de control de sistema | UPN01000114067 |
| 049 ## - COLECCIÓN | |
| Colección | CE |
| 050 #4 - SIGNATURA TOPOGRÁFICA DE LA BIBLIOTECA DEL CONGRESO | |
| Número de clasificación | NC999.6 J3 |
| Número de documento/Ítem | A5.53 |
| 245 00 - MENCIÓN DE TÍTULO | |
| Título | All of ssaws : |
| Resto del título | logotype desing and application for the world's largest indoor ski resort / |
| Mención de responsabilidad, etc. | art. dir. Katsu Kimura ; tr. Sué Herbert. |
| 260 ## - PUBLICACIÓN, DISTRIBUCIÓN, ETC. | |
| Lugar de publicación, distribución, etc. | [Tokyo] : |
| Nombre del editor, distribuidor, etc. | P.I.E. Books, |
| Fecha de publicación, distribución, etc. | 1994. |
| 300 ## - DESCRIPCIÓN FÍSICA | |
| Extensión | 121 p. : |
| Otras características físicas | il. col. |
| 500 ## - NOTA GENERAL | |
| Nota general | Título de la cubierta: All of ssaws : innovative CI design in the world's largest all-season ski dome |
| 500 ## - NOTA GENERAL | |
| Nota general | Texto en inglés y en japonés |
| 650 #4 - ASIENTO SECUNDARIO DE MATERIA - TERMINO TEMATICO | |
| Término de materia o nombre geográfico como elemento de entrada | LOGOTIPO |
| 9 (RLIN) | 23255 |
| 650 #2 - ASIENTO SECUNDARIO DE MATERIA - TERMINO TEMATICO | |
| Término de materia o nombre geográfico como elemento de entrada | Diseño gráfico (Tipografía) |
| 9 (RLIN) | 14434 |
| 650 #4 - ASIENTO SECUNDARIO DE MATERIA - TERMINO TEMATICO | |
| Término de materia o nombre geográfico como elemento de entrada | ARTE COMERCIAL - |
| Subdivisión de forma | CATALOGOS |
| 9 (RLIN) | 2451 |
| 700 1# - ASIENTO SECUNDARIO--NOMBRE DE PERSONAL | |
| Nombre de persona | Kimura, Katsu, |
| Término indicativo de función/relación | ed. |
| 905 ## - TIPO DE MATERIAL | |
| Tipo de material | Libro |
| Estado de retiro | Estado de pérdida | Fuente del sistema de clasificación o colocación | Estado dañado | No para préstamo | Código de colección | Localización permanente | Ubicación/localización actual | Ubicación en estantería | Fecha de adquisición | Clasificación | Código de barras | Fecha visto por última vez | Número de copia | Tipo de ítem Koha |
|---|---|---|---|---|---|---|---|---|---|---|---|---|---|---|
| Library of Congress Classification | Coleccion Esp. | Colección Especial | Bib. Gregorio Torres Quintero | Bib. Gregorio Torres Quintero | Colección Especial | 02/05/2023 | NC999.6 J3 A5.53 | 171807 | 31/12/2020 | 1 | Libro |
